000 01966nam0a2200421 4500
001 RU\NLR\BIBL_A\022726641
005 20260426072633.0
010 _a978-5-6053989-0-5
_930
021 _aRU
_bКН-П-25-079220
_9КН-П-25-7680
035 _a(NLR Aleph) 022726641
090 _a13693005
_c13693005
100 _a20260212d2025 u y0rusy50 ca
101 0 _arus
102 _aRU
105 _aach z 000yy
181 0 _ai3
_baxxe
182 0 _an
200 1 _aИстория Никольского храма с. Куюки Пестречинского района Республики Татарстан и обстоятельства явления образа святителя Николая летом 1897 года
_fТумаков А. Д.
203 _aТекст
_bвизуальный
_cнепосредственный
210 _aКазань
_c[б. и.]
_d2025
215 _a168 с., [4] л. ил., цв. ил., портр., факс.
_d21
320 _aБиблиогр.: с. 163-168 (20 назв.) и в подстроч. примеч.
601 0 2 _aНикольский храм
_cКуюки, село; Республика Татарстан
_92705987
_3RU\NLR\AUTH\6601769480
606 1 _aЧудеса православные
_92083254
_3RU\NLR\AUTH\661259304
606 1 _aИконы Николая, архиепископа Мирликийского
_92705990
_3RU\NLR\AUTH\6601769483
686 2 _aЭ372.24-655.12
686 2 _aЭ372.24-55
686 2 _aЭ372.24-575.14
700 1 _aТумаков
_bА. Д.
_f1995-
_gАртур Дамирович
712 0 2 _4570
_aНикольский храм
_cс. Куюки, Республика Татарстан
_92698130
_3RU\NLR\AUTH\880639124
942 _cBOOK
980 _aNB